Tunel Ukážka zo scenára

Bibliographic Details
Main Author: Mitana, Dušan, 1946-2019 (Author)
Format: Article
Language:Slovak
ISSN:1335-180X
Subjects:

MARC

LEADER 00000nab a2200000 a 4500
001 vtls000601427
003 SK-MaSNL
005 20260304100200.0
008 250425c1996 xo 0 slo
015 |a SNBRB19rr/mm-uuuuu 
035 |a CL0601566 
035 |a urn:nbn:sk:snk-ab7e50 
035 |a (uuid)4566621b-f41e-4b29-8888-793da50875a5 
035 |a (urnnbn)urn:nbn:sk:snk:ar-a07wmj 
035 |a (sysno)vtls000601427 
040 |a SNKBUCL  |b slo  |c SNKBUCL  |e AACR2 
041 0 |a slo 
044 |a xo  |c SK 
080 |a 885.4-2  |2 1981 
080 |a 791.43(437.6)  |2 1981 
100 1 |a Mitana, Dušan,  |d 1946-2019  |4 aut  |9 184370 
245 1 0 |a Tunel  |b Ukážka zo scenára  |c Dušan Mitana 
650 0 7 |a filmové scenáre  |2 snkbucl  |9 67767 
655 7 |a články z novín a časopisov  |2 snkbucl  |9 267496 
773 0 |t Literika  |g Roč. 1, č. 2 (1996), s. 21-35  |x 1335-180X 
850 |a Slovenská národná knižnica 
852 |a Slovenská národná knižnica 
954 |a odborná, vedecká literatúra pôvodná (slovenská)  |2 lita 
958 |a article27 
958 |a LX 
958 |a SK 
958 |a RK 
958 |a OND 
958 |a EUIPO 
999 |c 2836622  |d 2838552